000 00639nam a22001937a 4500
005 20251108164234.0
008 250721s1984 xx 000 0 ara d
082 1 4 _a327.5604043/ماز
100 1 _aأبو مازن، محمود عباس
245 1 0 _aالوجه الآخر :
_bالعلاقات السرية بين النازية و الصهيونية /
264 1 _aعمان :
_bدار ابن رشد للنشر و التوزيع،
_c1984.
300 _a254ص
650 1 7 _aإسرائيل
650 1 7 _aالعلاقات الدولية
650 1 7 _aألمانيا
650 1 7 _aالنازية
942 _2ddc
_cBK
999 _c7182
_d7182